Infrared fiber optics / (Record no. 175622)
[ view plain ]
| 000 -LEADER | |
|---|---|
| fixed length control field | 00994 a2200217 4500 |
| 003 - CONTROL NUMBER IDENTIFIER | |
| control field | Nust |
| 005 - DATE AND TIME OF LATEST TRANSACTION | |
| control field | 20220803172447.0 |
| 010 ## - LIBRARY OF CONGRESS CONTROL NUMBER | |
| LC control number | 97039324 |
| 020 ## - INTERNATIONAL STANDARD BOOK NUMBER | |
| International Standard Book Number | 0849324890 (alk. paper) |
| 040 ## - CATALOGING SOURCE | |
| Transcribing agency | Nust |
| 082 00 - DEWEY DECIMAL CLASSIFICATION NUMBER | |
| Classification number | 621.3692,INF |
| 245 00 - TITLE STATEMENT | |
| Title | Infrared fiber optics / |
| Statement of responsibility, etc. | edited by Jasbinder S. Sanghera, Ishwar D. Aggarwal. |
| 260 ## - PUBLICATION, DISTRIBUTION, ETC. | |
| Place of publication, distribution, etc. | Boca Raton, Fla : |
| Name of publisher, distributor, etc. | CRC Press, |
| Date of publication, distribution, etc. | 1998. |
| 300 ## - PHYSICAL DESCRIPTION | |
| Extent | 347 p. : |
| Other physical details | ill. ; |
| Dimensions | 25 cm. |
| 505 ## - FORMATTED CONTENTS NOTE | |
| Formatted contents note | Optical Transmission Theory (Page-1), Silica Glass-Based Fibers (Page-31), Fluoride Glass Based Fibers (Page-75), Chalcogenide Glass Based Fibers (Page-143), Single Crystal Fibers (Page-185), Polycrystalline Fibers (Page-209), Hollow Fibers (Page-251), Applications Of IR Transmitting Fibers (Page-305). |
| 650 #0 - SUBJECT ADDED ENTRY--TOPICAL TERM | |
| Topical term or geographic name entry element | Telecommunication Engineering. |
| 700 1# - ADDED ENTRY--PERSONAL NAME | |
| Personal name | Aggarwal, Ishwar D., |
| Dates associated with a name | 1945- |
| 9 (RLIN) | 96489 |
| 700 1# - ADDED ENTRY--PERSONAL NAME | |
| Personal name | Sanghera, J. S. |
| 9 (RLIN) | 96490 |
| 856 42 - ELECTRONIC LOCATION AND ACCESS | |
| Materials specified | Publisher description |
| Uniform Resource Identifier | <a href="http://www.loc.gov/catdir/enhancements/fy0646/97039324-d.html">http://www.loc.gov/catdir/enhancements/fy0646/97039324-d.html</a> |
| 942 ## - ADDED ENTRY ELEMENTS (KOHA) | |
| Koha item type | Reference |
| Source of classification or shelving scheme | |
| Withdrawn status | Lost status | Source of classification or shelving scheme | Damaged status | Not for loan | Permanent Location | Current Location | Shelving location | Date acquired | Full call number | Barcode | Date last seen | Price effective from | Koha item type | Public note |
|---|---|---|---|---|---|---|---|---|---|---|---|---|---|---|
| Military College of Signals (MCS) | Military College of Signals (MCS) | Reference | 12/12/2016 | 621.3692,INF | MCS30785 | 12/08/2016 | 12/12/2016 | Reference | Almirah No.20, Shelf No.6 |
